Mezinárodněprávní aspekty nezávislosti Kosova
Rozpad Juhoslávie a problematika provincie Kosovo. Právo na sebaurčenie a jeho medze. Kosovské predstavy o vzniku nového štátu. Uznanie nezávislosti nového štátu a jeho vlády z pohľadu medzinárodnej politiky. Hrozba miestneho konfliktu. Postoj Ruska ku kosovskej nezávislosti. Pragmatické uplatnenie...
Gespeichert in:
| 1. Verfasser: | |
|---|---|
| Format: | Buchkapitel |
| Sprache: | Tschechisch |
| Schlagworte: | |
| Tags: |
Keine Tags, Fügen Sie das erste Tag hinzu!
|
MARC
| LEADER | 00000naa$a2200000$$$4500 | ||
|---|---|---|---|
| 001 | 0074367 | ||
| 005 | 20231016093356.5 | ||
| 041 | 0 | |a cze | |
| 044 | |a CZ | ||
| 245 | 1 | 0 | |a Mezinárodněprávní aspekty nezávislosti Kosova |c Jiří Štěpanovský |
| 520 | |a Rozpad Juhoslávie a problematika provincie Kosovo. Právo na sebaurčenie a jeho medze. Kosovské predstavy o vzniku nového štátu. Uznanie nezávislosti nového štátu a jeho vlády z pohľadu medzinárodnej politiky. Hrozba miestneho konfliktu. Postoj Ruska ku kosovskej nezávislosti. Pragmatické uplatnenie medzinárodného práva v daných podmienkach. | ||
| 610 | 2 | 0 | |a vzťahy medzinárodné |
| 610 | 2 | 0 | |a politika medzinárodná |
| 610 | 2 | 0 | |a organizácie medzinárodné |
| 610 | 2 | 0 | |a štát |
| 610 | 2 | 0 | |a nezávislosť |
| 610 | 2 | 0 | |a autonómia |
| 610 | 2 | 0 | |a konflikty etnické |
| 610 | 2 | 0 | |a Srbsko |
| 100 | 1 | |a Štěpanovský, Jiří | |